00220nam a2200085Ia 4500001000800000005001700008008004100025245004700066260002100113125057420251031150858.0251031s9999 xx 000 0 und d 0cFURKAN ÇALIŞKANaB-3 KABAHATLER KANUNU bKETEBE YAYINLARI